[Event "HUN-chT2 Maroczy 1819"]
[Site "Hungary"]
[Date "2018.12.02"]
[Round "5.10"]
[White "Mate, Balazs"]
[Black "Jakobei, Jozsef"]
[Result "1/2-1/2"]
[WhiteElo "2042"]
[BlackElo "1924"]
[PlyCount "127"]
[EventDate "2018.09.23"]
[EventType "team-tourn"]
[EventRounds "11"]
[EventCountry "HUN"]
[SourceTitle "EXT 2020"]
[Source "ChessBase"]
[SourceDate "2019.10.17"]
[SourceVersion "1"]
[SourceVersionDate "2019.10.17"]
[SourceQuality "1"]
[WhiteTeam "Debrecen Kwizda"]
[BlackTeam "Kisujszallas"]
[WhiteTeamCountry "HUN"]
[BlackTeamCountry "HUN"]

1. e4 d6 2. d4 Nf6 3. Nc3 g6 4. f4 Bg7 5. Nf3 0-0 6. Bc4 c6 7. e5 Nd5 8. Bxd5 cxd5 9. Nxd5 Qa5+ 10. Nc3 dxe5 11. dxe5 Rd8 12. Qe2 Bf5 13. Be3 Nc6 14. 0-0 Qb4 15. Rab1 Na5 16. a3 Qc4 17. Qf2 b6 18. Rfd1 Nc6 19. Nd2 Qa6 20. Nde4 Qb7 21. Ng3 Bg4 22. Rxd8+ Rxd8 23. h3 Bc8 24. Rd1 Rxd1+ 25. Nxd1 Qd7 26. Qd2 Qxd2 27. Bxd2 Nd4 28. c3 Nb3 29. Be3 Bb7 30. Nf2 f6 31. exf6 exf6 32. Nge4 f5 33. Nd2 Nxd2 34. Bxd2 Ba6 35. Nd1 Bf8 36. b4 Kf7 37. Kf2 Ke6 38. Ne3 h6 39. c4 Bg7 40. b5 Bb7 41. Nc2 Be4 42. Ne1 Bb2 43. Bb4 Bc1 44. g3 g5 45. fxg5 hxg5 46. a4 f4 47. gxf4 Bxf4 48. Nf3 Kd7 49. c5 Bf5 50. Kg2 Be4 51. a5 Kc7 52. Kf2 Bf5 53. Kg2 Be4 54. cxb6+ axb6 55. Be1 bxa5 56. Bxa5+ Kb7 57. Bd8 Bd5 58. Kf2 Be6 59. Bxg5 Bxh3 60. Bxf4 Kb6 61. Nd4 Bd7 62. Bg5 Bxb5 63. Bd8+ Kc5 64. Nb3+ 1/2-1/2

[Event "HUN-chT2 Maroczy 1516"]
[Site "Hungary"]
[Date "2016.04.17"]
[Round "9.10"]
[White "Waldmann, Ivan"]
[Black "Jakobei, Jozsef"]
[Result "1/2-1/2"]
[WhiteElo "2127"]
[BlackElo "1950"]
[PlyCount "39"]
[EventDate "2015.10.18"]
[EventType "team-tourn"]
[EventRounds "9"]
[EventCountry "HUN"]
[SourceTitle "EXT 2017"]
[Source "ChessBase"]
[SourceDate "2016.10.25"]
[SourceVersion "1"]
[SourceVersionDate "2016.10.25"]
[SourceQuality "1"]
[WhiteTeam "MLTC"]
[BlackTeam "Kisujszallas"]
[WhiteTeamCountry "HUN"]
[BlackTeamCountry "HUN"]

1. e4 d5 2. exd5 Qxd5 3. Nc3 Qd8 4. d4 Nf6 5. Bc4 e6 6. Nf3 Be7 7. 0-0 c6 8. Qe2 0-0 9. Re1 Nd5 10. Bd2 Nxc3 11. Bxc3 Bf6 12. Ne5 a5 13. a4 Na6 14. Rad1 Nc7 15. b3 Bd7 16. Qg4 Be8 17. Bd3 g6 18. Bd2 b5 19. Bh6 Bg7 20. Qh3 1/2-1/2

[Event "HUN-chT2 Maroczy 1516"]
[Site "Hungary"]
[Date "2016.02.14"]
[Round "5.10"]
[White "Jakobei, Jozsef"]
[Black "Czegledi, Barna Jr"]
[Result "1/2-1/2"]
[WhiteElo "1934"]
[BlackElo "2127"]
[PlyCount "88"]
[EventDate "2015.10.18"]
[EventType "team-tourn"]
[EventRounds "9"]
[EventCountry "HUN"]
[SourceTitle "EXT 2017"]
[Source "ChessBase"]
[SourceDate "2016.10.25"]
[SourceVersion "1"]
[SourceVersionDate "2016.10.25"]
[SourceQuality "1"]
[WhiteTeam "Kisujszallas"]
[BlackTeam "Vasas"]
[WhiteTeamCountry "HUN"]
[BlackTeamCountry "HUN"]

1. d4 g6 2. c4 Bg7 3. g3 c5 4. Nf3 cxd4 5. Nxd4 Nc6 6. Nxc6 dxc6 7. Qxd8+ Kxd8 8. Bg2 Nf6 9. 0-0 Nd7 10. Nd2 Kc7 11. Rb1 a5 12. b3 e5 13. Bb2 Bh6 14. Rfd1 Re8 15. Ba3 Bf8 16. Bxf8 Nxf8 17. Ne4 Bf5 18. Kf1 Red8 19. Ke1 Ne6 20. Rxd8 Rxd8 21. Rd1 Bxe4 22. Bxe4 Rxd1+ 23. Kxd1 Kd6 24. Kd2 Kc5 25. Kc3 b5 26. cxb5 cxb5 27. e3 f5 28. Bg2 g5 29. a4 bxa4 30. bxa4 e4 31. h3 Kd5 32. Bf1 Nc5 33. Bc4+ Kd6 34. Bb5 h5 35. h4 gxh4 36. gxh4 Ne6 37. Be2 Ng7 38. Kd4 Ne6+ 39. Kc3 Nc5 40. Bb5 Ke5 41. Be8 f4 42. exf4+ Kxf4 43. Bxh5 Nxa4+ 44. Kd4 Nb2 1/2-1/2

[Event "Puspokladany Arnoth Memorial 07th"]
[Site "Puspokladany"]
[Date "2014.07.19"]
[Round "7"]
[White "Jakobei, Jozsef"]
[Black "Kovacs, Marton"]
[Result "0-1"]
[WhiteElo "1953"]
[BlackElo "2151"]
[PlyCount "64"]
[EventDate "2014.07.16"]
[EventType "swiss"]
[EventRounds "9"]
[EventCountry "HUN"]
[SourceTitle "EXT 2016"]
[Source "ChessBase"]
[SourceDate "2015.10.08"]
[SourceVersion "1"]
[SourceVersionDate "2015.10.08"]
[SourceQuality "1"]

1. d4 d5 2. Nf3 Nf6 3. e3 c5 4. Be2 Nc6 5. 0-0 Bf5 6. c3 e6 7. Nbd2 Bd6 8. dxc5 Bxc5 9. b4 Bd6 10. Bb2 0-0 11. a3 a5 12. b5 Ne5 13. Nxe5 Bxe5 14. Nf3 Bc7 15. c4 Bb6 16. Rc1 Qe7 17. Qb3 Rac8 18. Ne5 Ne4 19. Rfd1 a4 20. Qb4 Bc5 21. Qe1 Rfd8 22. cxd5 exd5 23. Nf3 Bxa3 24. Bxa3 Qxa3 25. Rxc8 Rxc8 26. Rxd5 g6 27. Bf1 Qb2 28. h3 a3 29. Rd1 a2 30. Nd4 Nc3 31. Nxf5 gxf5 32. Rc1 Qxc1 0-1

[Event "HUN-chT2 Toth 0809"]
[Site "Hungary"]
[Date "2009.02.22"]
[Round "8.5"]
[White "Jakobei, Jozsef"]
[Black "Nagy, Robert2222"]
[Result "1-0"]
[WhiteElo "1969"]
[BlackElo "1977"]
[PlyCount "53"]
[EventDate "2008.10.26"]
[EventType "team-tourn"]
[EventRounds "11"]
[EventCountry "HUN"]
[SourceTitle "EXT 2010"]
[Source "ChessBase"]
[SourceDate "2010.11.25"]
[SourceVersion "1"]
[SourceVersionDate "2010.11.25"]
[SourceQuality "1"]
[WhiteTeam "Kisujszallas"]
[BlackTeam "Mezobereny"]
[WhiteTeamCountry "HUN"]
[BlackTeamCountry "HUN"]

1. d4 d5 2. c4 c6 3. Nc3 Nf6 4. Nf3 e6 5. e3 Bb4 6. Bd3 dxc4 7. Bxc4 Ne4 8. Qb3 Qa5 9. Bd2 Nxd2 10. Nxd2 b5 11. Bd3 Bb7 12. 0-0 0-0 13. a4 Bxc3 14. bxc3 Qc7 15. axb5 cxb5 16. Bxb5 Nc6 17. Rfc1 Rfb8 18. Qa3 Ne7 19. Bf1 Nf5 20. Ra2 h5 21. Rca1 Nd6 22. Qa5 Qc6 23. c4 h4 24. h3 Nf5 25. Qc3 g5 26. e4 Nd6 27. d5 1-0

[Event "HUN-chT2 Toth 0809"]
[Site "Hungary"]
[Date "2009.01.25"]
[Round "6.7"]
[White "Kozak, Otto"]
[Black "Jakobei, Jozsef"]
[Result "1-0"]
[WhiteElo "1822"]
[BlackElo "1969"]
[PlyCount "117"]
[EventDate "2008.10.26"]
[EventType "team-tourn"]
[EventRounds "11"]
[EventCountry "HUN"]
[SourceTitle "EXT 2010"]
[Source "ChessBase"]
[SourceDate "2010.11.25"]
[SourceVersion "1"]
[SourceVersionDate "2010.11.25"]
[SourceQuality "1"]
[WhiteTeam "Karcag"]
[BlackTeam "Kisujszallas"]
[WhiteTeamCountry "HUN"]
[BlackTeamCountry "HUN"]

1. e4 c6 2. d4 d5 3. e5 e6 4. Nd2 Nd7 5. Nb3 Ne7 6. f4 c5 7. dxc5 Nxc5 8. Nf3 Nc6 9. Be3 Ne4 10. c3 Be7 11. Bd3 b6 12. Bxe4 dxe4 13. Qxd8+ Bxd8 14. Nfd2 Bc7 15. Nxe4 Bb7 16. Ng3 Ne7 17. 0-0 0-0 18. c4 Rac8 19. Nd4 Bb8 20. b3 Rfd8 21. Rad1 Rd7 22. Rd2 Rcd8 23. Rfd1 Nc6 24. Nxc6 Bxc6 25. Ne2 Rxd2 26. Rxd2 Rxd2 27. Bxd2 Kf8 28. Nd4 Bd7 29. Bb4+ Ke8 30. g3 f6 31. exf6 gxf6 32. Nb5 Bc6 33. Bd6 Bxd6 34. Nxd6+ Kd7 35. Nf7 h5 36. Kf2 Ke7 37. Nh6 f5 38. h3 Be4 39. g4 hxg4 40. hxg4 Bb1 41. a3 Kf6 42. g5+ Kg7 43. b4 Ba2 44. c5 bxc5 45. bxc5 Kg6 46. Ng8 Kf7 47. Nf6 Ke7 48. Ke3 Bc4 49. Kd4 Bb5 50. Ke5 Ba6 51. g6 Kf8 52. Kxe6 Bc8+ 53. Nd7+ Kg7 54. c6 Kxg6 55. Ke7 a5 56. Nb6 Ba6 57. c7 Kh5 58. Kf6 Kg4 59. Ke5 1-0

[Event "HUN-chT2 Toth 0809"]
[Site "Hungary"]
[Date "2008.12.21"]
[Round "4.7"]
[White "Jakobei, Jozsef"]
[Black "Vass, Laszlo"]
[Result "0-1"]
[WhiteElo "1969"]
[BlackElo "1902"]
[PlyCount "154"]
[EventDate "2008.10.26"]
[EventType "team-tourn"]
[EventRounds "11"]
[EventCountry "HUN"]
[SourceTitle "EXT 2010"]
[Source "ChessBase"]
[SourceDate "2010.11.25"]
[SourceVersion "1"]
[SourceVersionDate "2010.11.25"]
[SourceQuality "1"]
[WhiteTeam "Kisujszallas"]
[BlackTeam "Nadudvar"]
[WhiteTeamCountry "HUN"]
[BlackTeamCountry "HUN"]

1. e4 c6 2. d4 d5 3. exd5 cxd5 4. c4 e6 5. Nc3 Nf6 6. Nf3 Be7 7. Bd3 0-0 8. 0-0 dxc4 9. Bxc4 a6 10. a3 b5 11. Ba2 Bb7 12. Bg5 Nbd7 13. Re1 Nb6 14. Bxf6 Bxf6 15. Ne4 Be7 16. Rc1 Bd5 17. Bb1 Nd7 18. Ne5 Nxe5 19. dxe5 Bxe4 20. Rxe4 Qxd1+ 21. Rxd1 Rfd8 22. Red4 Kf8 23. Rxd8+ Rxd8 24. Rxd8+ Bxd8 25. b3 Ke7 26. Kf1 Bb6 27. Ke2 Kd7 28. h4 h6 29. h5 Bd4 30. f4 Kc6 31. Be4+ Kc5 32. Bc2 Bb2 33. a4 Kd4 34. axb5 axb5 35. Kd2 b4 36. Bd3 Bc1+ 37. Ke2 Bxf4 38. Bh7 Kxe5 39. Kd3 f5 40. Bg6 Kd5 41. Bf7 Bg5 42. Bg8 Kd6 43. Bh7 Ke5 44. Bg6 Kf4 45. Ke2 Kg3 46. Kf1 Be3 47. Bf7 e5 48. Bg6 Kg4 49. Ke2 Bd4 50. Bf7 e4 51. Bg6 Bc5 52. Kf1 Kf4 53. Ke2 Ke5 54. Bh7 f4 55. Bg6 Kd4 56. Bf7 Be7 57. Be8 Kc3 58. Bf7 Bf6 59. Bd5 Kd4 60. Bf7 Be5 61. Bg6 Kc3 62. Bf7 g5 63. hxg6 Bg7 64. Bd5 Kd4 65. Bc6 h5 66. Bd7 h4 67. Bf5 Ke5 68. Bd7 Bh6 69. Bc8 Kf6 70. Bb7 Kf5 71. Bc6 Bg7 72. Bd5 Ke5 73. Bc6 h3 74. gxh3 f3+ 75. Kf2 Kf4 76. h4 e3+ 77. Ke1 Bc3+ 0-1

[Event "HUN-chT2 Barcza 0506"]
[Site "Hungary"]
[Date "2006.04.09"]
[Round "10"]
[White "Barabas, Tibor"]
[Black "Jakobei, Jozsef"]
[Result "1/2-1/2"]
[WhiteElo "2128"]
[BlackElo "2069"]
[PlyCount "129"]
[EventDate "2005.10.16"]
[EventType "team"]
[EventRounds "11"]
[EventCountry "HUN"]
[SourceTitle "EXT 2009"]
[Source "ChessBase"]
[SourceDate "2008.11.26"]
[SourceVersion "1"]
[SourceVersionDate "2008.11.26"]
[SourceQuality "1"]
[WhiteTeam "Mezokovesd"]
[BlackTeam "Pladany MAV"]
[WhiteTeamCountry "HUN"]
[BlackTeamCountry "HUN"]

1. e4 c6 2. c4 d5 3. exd5 cxd5 4. cxd5 Nf6 5. Nc3 g6 6. Bb5+ Bd7 7. Qf3 Bg7 8. Nge2 0-0 9. Bxd7 Qxd7 10. 0-0 Na6 11. d4 Nb4 12. d6 exd6 13. Bg5 Qg4 14. Qxg4 Nxg4 15. Be7 Rfe8 16. Bxd6 Nc2 17. Rad1 Rad8 18. Bc7 Rd7 19. Be5 Nxe5 20. dxe5 Rxd1 21. Rxd1 Bxe5 22. Kf1 Nb4 23. Rd7 Rb8 24. f4 Bg7 25. a3 Nc6 26. b4 Kf8 27. Ne4 Rd8 28. Rxb7 Nd4 29. Ng5 Nxe2 30. Rxf7+ Kg8 31. Rxg7+ Kxg7 32. Ne6+ Kf6 33. Nxd8 Nxf4 34. Nc6 a6 35. Nb8 a5 36. b5 Nd5 37. a4 Nb6 38. Nc6 Nxa4 39. Nxa5 Nb6 40. Ke2 Ke6 41. Kd3 Kd5 42. Nc6 Nc8 43. Ke3 Nd6 44. Na7 g5 45. Kf3 h5 46. b6 Nb7 47. h4 gxh4 48. Kf4 h3 49. gxh3 Nd8 50. Kg5 Kc5 51. Nc8 Kc6 52. Kxh5 Ne6 53. Kg4 Kb7 54. Ne7 Kxb6 55. h4 Kc7 56. h5 Kd7 57. Ng6 Ke8 58. h6 Nf8 59. Kf5 Nh7 60. Ne5 Kf8 61. Kg6 Kg8 62. Nd7 Kh8 63. Nc5 Nf8+ 64. Kf7 Kh7 65. Kxf8 1/2-1/2

[Event "HUN-chT2 Barcza 0506"]
[Site "Hungary"]
[Date "2005.11.27"]
[Round "4"]
[White "Kelemen, Imre"]
[Black "Jakobei, Jozsef"]
[Result "1/2-1/2"]
[WhiteElo "2140"]
[BlackElo "2069"]
[PlyCount "79"]
[EventDate "2005.10.16"]
[EventType "team"]
[EventRounds "11"]
[EventCountry "HUN"]
[SourceTitle "EXT 2009"]
[Source "ChessBase"]
[SourceDate "2008.11.26"]
[SourceVersion "1"]
[SourceVersionDate "2008.11.26"]
[SourceQuality "1"]
[WhiteTeam "Lokomotiv"]
[BlackTeam "Pladany MAV"]
[WhiteTeamCountry "HUN"]
[BlackTeamCountry "HUN"]

1. Nf3 d5 2. g3 Nf6 3. Bg2 g6 4. c4 Bg7 5. 0-0 0-0 6. d3 c6 7. Nc3 dxc4 8. dxc4 Qxd1 9. Rxd1 Be6 10. Nd2 Rd8 11. b3 Ne4 12. Bxe4 Bxc3 13. Rb1 Na6 14. Bd3 Nb4 15. Ne4 Nxd3 16. Nxc3 Nxc1 17. Rbxc1 f6 18. Ne4 b6 19. f4 Kf8 20. Kf2 Ke8 21. Nc3 Bg4 22. Ke3 Bf5 23. Kf3 h5 24. Rxd8+ Rxd8 25. Rd1 Rxd1 26. Nxd1 Kd7 27. Nc3 Kd6 28. e4 Bg4+ 29. Ke3 Kc5 30. a3 Kd6 31. h4 Be6 32. Kd4 c5+ 33. Kd3 Bd7 34. Nd5 Bc6 35. b4 Bxd5 36. exd5 a5 37. bxa5 bxa5 38. Ke4 f5+ 39. Kd3 a4 40. Ke3 1/2-1/2

[Event "HUN-chT2 Barcza 0506"]
[Site "Hungary"]
[Date "2005.10.16"]
[Round "1"]
[White "Molnar, Balazs"]
[Black "Jakobei, Jozsef"]
[Result "1/2-1/2"]
[WhiteElo "2158"]
[BlackElo "2069"]
[PlyCount "58"]
[EventDate "2005.10.16"]
[EventType "team"]
[EventRounds "11"]
[EventCountry "HUN"]
[SourceTitle "EXT 2009"]
[Source "ChessBase"]
[SourceDate "2008.11.26"]
[SourceVersion "1"]
[SourceVersionDate "2008.11.26"]
[SourceQuality "1"]
[WhiteTeam "Hajduboszormeny II"]
[BlackTeam "Pladany MAV"]
[WhiteTeamCountry "HUN"]
[BlackTeamCountry "HUN"]

1. e4 c6 2. Nc3 d5 3. Qf3 dxe4 4. Nxe4 Nf6 5. Nxf6+ exf6 6. Bc4 Be6 7. Bxe6 fxe6 8. Ne2 Qd7 9. d4 Bd6 10. 0-0 Na6 11. Bf4 Bxf4 12. Nxf4 Nc7 13. Qb3 0-0-0 14. c3 Rhe8 15. Nd3 Qd5 16. Rfe1 Qxb3 17. axb3 e5 18. Rxa7 exd4 19. Rxe8 Rxe8 20. cxd4 Re2 21. Kf1 Rd2 22. Nc5 b6 23. Na6 Nb5 24. Rxg7 Nxd4 25. g3 Rxb2 26. Rxh7 Rxb3 27. Rf7 Ra3 28. Nb4 Rb3 29. Na6 Ra3 1/2-1/2

[Event "HUN-chT2 Barcza 0405"]
[Site "Hungary"]
[Date "2004.09.26"]
[Round "1"]
[White "Jakobei, Jozsef"]
[Black "Zoltan, Lajos"]
[Result "0-1"]
[WhiteElo "2025"]
[BlackElo "1983"]
[PlyCount "84"]
[EventDate "2004.09.26"]
[EventType "team"]
[EventRounds "11"]
[EventCountry "HUN"]
[SourceTitle "EXT 2009"]
[Source "ChessBase"]
[SourceDate "2008.11.26"]
[SourceVersion "1"]
[SourceVersionDate "2008.11.26"]
[SourceQuality "1"]
[WhiteTeam "Puspokladany"]
[BlackTeam "Nadudvar"]
[WhiteTeamCountry "HUN"]
[BlackTeamCountry "HUN"]

1. d4 Nf6 2. c4 g6 3. Nc3 d5 4. cxd5 Nxd5 5. e4 Nxc3 6. bxc3 c5 7. Be3 Bg7 8. Qd2 Qa5 9. Bc4 e6 10. Ne2 0-0 11. Rb1 a6 12. 0-0 Rd8 13. Rfd1 Nc6 14. Qb2 b5 15. Bb3 b4 16. Rbc1 bxc3 17. Qxc3 Qxc3 18. Rxc3 Nxd4 19. Nxd4 cxd4 20. Rcd3 Bb7 21. f3 e5 22. Bg5 Rd6 23. Rc1 Rc8 24. Rdd1 h6 25. Be7 Rdc6 26. Rxc6 Rxc6 27. Bd5 Rc7 28. Bxb7 Rxb7 29. Ba3 Bf8 30. Bxf8 Kxf8 31. Rd2 Ke7 32. Kf2 Kd6 33. Ke2 Rc7 34. Rb2 f5 35. Kd2 fxe4 36. fxe4 Rc6 37. Rb8 Ke7 38. Rb7+ Kf6 39. Rb3 Kg5 40. Rf3 h5 41. Rf7 Rc5 42. Rf8 Ra5 0-1